000 00692nam a2200289Ia 4500
005 20260324145252.0
008 008 260324s9999 xx 000 0 eng d
020 _a9781003459743
037 _aEBOOK
040 _aCRL
040 _beng
040 _cCRL
041 _2eng
041 _aeng
084 _qCRL
100 _aMarcus Grant; Martin Plant; Alan Williams
_91222361
245 0 _aEconomics and Alcohol
245 0 _bConsumption and Controls
260 _bTaylor and Francis
260 _c1983
365 _a
365 _b195
856 _uhttp://www.taylorfrancis.com/books/9781003459743
942 _cEBOOK
999 _c1830029
_d1830029